Southville International School and Colleges
Your cart is empty.
  • Cart
  • Lists
    Public lists Eva Luna New books Lux_list list_1
    Your lists Log in to create your own lists
  • Log in to your account
  • Your cookies
  • Search history
Southville International School and Colleges
  • Advanced search
  • Recent comments
  • Most popular
  • Libraries

Log in to your account

Log in with GOOGLE


If you do not have an external account, but do have a local account, you can still log in:

  1. Home
  2. MARC view: Space /
Normal view MARC view ISBD view

Space / (Record no. 345053)

[ view plain ]
MARC details
000 -LEADER
fixed length control field 00731nam a2200277Ia 4500
008 - FIXED-LENGTH DATA ELEMENTS--GENERAL INFORMATION
fixed length control field 171120s9999 xx 000 0 und d
020 ## - INTERNATIONAL STANDARD BOOK NUMBER
International Standard Book Number 1902947312
050 ## - LIBRARY OF CONGRESS CALL NUMBER
Classification number 520
050 ## - LIBRARY OF CONGRESS CALL NUMBER
Item number F235 2000
100 ## - MAIN ENTRY--PERSONAL NAME
Personal name Farndon, John
245 ## - TITLE STATEMENT
Title Space /
245 ## - TITLE STATEMENT
Statement of responsibility, etc by John Farndon.
260 ## - PUBLICATION, DISTRIBUTION, ETC. (IMPRINT)
Place of publication, distribution, etc Danbury, Connecticut:
260 ## - PUBLICATION, DISTRIBUTION, ETC. (IMPRINT)
Name of publisher, distributor, etc Miles Kelly,
260 ## - PUBLICATION, DISTRIBUTION, ETC. (IMPRINT)
Date of publication, distribution, etc 2000
300 ## - PHYSICAL DESCRIPTION
Extent 64 pages :
300 ## - PHYSICAL DESCRIPTION
Other physical details color illustrations ;
300 ## - PHYSICAL DESCRIPTION
Dimensions 30cm.
440 ## - SERIES STATEMENT/ADDED ENTRY--TITLE
Title 1000 things you should know about.
500 ## - GENERAL NOTE
General note Includes index.
650 ## - SUBJECT ADDED ENTRY--TOPICAL TERM
Topical term or geographic name as entry element Space sciences -- `
650 ## - SUBJECT ADDED ENTRY--TOPICAL TERM
General subdivision Miscellanea -- Juvenile literature.
700 ## - ADDED ENTRY--PERSONAL NAME
Personal name Series : One thousand things you should know about.
700 ## - ADDED ENTRY--PERSONAL NAME
Personal name Series.
700 ## - ADDED ENTRY--PERSONAL NAME
Personal name Title.
Holdings
Withdrawn status Lost status Damaged status Home library Current library Date acquired Total Checkouts Full call number Barcode Date last seen Price effective from Koha item type
      Stonyhurst Southville International School (Malarayat) Stonyhurst Southville International School (Malarayat) 11/20/2017   REF 520 F235 2000 SSISM4097 11/20/2017 11/20/2017 Books

Space /

APA

Farndon J., Series : One thousand things you should know about, Series & Title.Space. Danbury, Connecticut: .

Chicago

Farndon John, Series : One thousand things you should know about, Series and Title.Space. Danbury, Connecticut: .

Harvard

Farndon J., Series : One thousand things you should know about, Series and Title.Space. Danbury, Connecticut: .

MLA

Farndon John, Series : One thousand things you should know about, Series and Title.Danbury, Connecticut: . .

  • Place hold
  • Print
  • Cite
  • Add to your cart (remove)
  • Save record
    BIBTEX Dublin Core MARCXML MARC (non-Unicode/MARC-8) MARC (Unicode/UTF-8) MARC (Unicode/UTF-8, Standard) MODS (XML) RIS
  • More searches
    Search for this title in:
    Other Libraries (WorldCat) Other Databases (Google Scholar) Online Stores (Bookfinder.com) Open Library (openlibrary.org)

Exporting to Dublin Core...

SOUTHVILLE LIBRARY

Southville International School and Colleges Library

1281 Tropical Ave. Cor. Luxembourg St., BF Homes International, Las Pinas City

Tel. No. 8256374 / 252358 Loc. 117/146

Powered by Koha